| 000 | 00654cam a2200193 a 4500 | ||
|---|---|---|---|
| 001 | 000019737 | ||
| 005 | 20200929170124.0 | ||
| 008 | 100705s1988 xxu 000 0 spa | ||
| 020 | _a0311243049 | ||
| 040 |
_aDO-SdBNP _bspa _cBNPHU |
||
| 082 |
_axxx _bF699a |
||
| 100 | 1 |
_aFord, Leroy, _942199 |
|
| 245 | 1 | 0 |
_aAyudas visulaes : _bcomo realizarlas / _cLeroy Ford ; traducción Viola D. Campbell ; revisión y adaptación Nelly de Gonzáles. |
| 260 |
_aEstados Unidos : _bCasa Bautista de Publicaciones, _c1988. |
||
| 300 |
_a80 p. : _bil. ; _c21 cm. |
||
| 700 | 1 |
_aCampbell, Viola D. _etr. _942200 |
|
| 700 | 1 |
_aGonzález, Nelly de, _940803 |
|
| 049 | _aBNGR | ||
| 999 |
_c19251 _d19251 |
||